63_読みが4文字の市区町村(ひらがな対応・五十音順) - Statistics

General Stats
  • This quiz has been taken 100 times
  • The average score is 458 of 656
Answer Stats
文字数 種類 都道府県名 市区町村名 % Correct
4 大阪府 大阪市
97%
4 兵庫県 相生市
94%
4 大阪府 茨木市
94%
4 茨城県 茨城町
94%
4 千葉県 浦安市
94%
4 福島県 福島市
94%
4 北海道 福島町
94%
4 青森県 青森市
92%
4 東京都 あきる野市
92%
4 長野県 安曇野市
92%
4 北海道 網走市
92%
4 北海道 石狩市
92%
4 福島県 石川町
92%
4 群馬県 伊勢崎市
92%
4 千葉県 市川市
92%
4 兵庫県 市川町
92%
4 山口県 岩国市
92%
4 福井県 越前市
92%
4 福井県 越前町
92%
4 大分県 大分市
92%
4 宮城県 大崎市
92%
4 鹿児島県 大崎町
92%
4 岡山県 岡山市
92%
4 福井県 勝山市
92%
4 岡山県 倉敷市
92%
4 静岡県 静岡市
92%
4 宮城県 白石市
92%
4 佐賀県 白石町
92%
4 神奈川県 愛川町
89%
4 愛知県 愛西市
89%
4 熊本県 天草市
89%
4 長野県 飯山市
89%
4 沖縄県 石垣市
89%
4 千葉県 市原市
89%
4 北海道 浦河町
89%
4 特別区 東京都 江戸川区
89%
4 沖縄県 沖縄市
89%
4 千葉県 鴨川市
89%
4 埼玉県 川口市
89%
4 埼玉県 川越市
89%
4 三重県 川越町
89%
4 福島県 喜多方市
89%
4 京都府 京都市
89%
4 群馬県 桐生市
89%
4 熊本県 熊本市
89%
4 北海道 札幌市
89%
4 福島県 白河市
89%
4 岐阜県 白川町
89%
4 岐阜県 白川村
89%
4 宮城県 仙台市
89%
4 群馬県 高崎市
89%
4 愛知県 豊橋市
89%
4 福岡県 福岡市
89%
4 宮崎県 宮崎市
89%
4 特別区 東京都 荒川区
86%
4 神奈川県 伊勢原市
86%
4 特別区 東京都 板橋区
86%
4 沖縄県 浦添市
86%
4 愛媛県 宇和島市
86%
4 岐阜県 大垣市
86%
4 福岡県 大川市
86%
4 高知県 大川村
86%
4 東京都 大島町
86%
4 秋田県 大館市
86%
4 東京都 奥多摩町
86%
4 鹿児島県 鹿児島市
86%
4 奈良県 橿原市
86%
4 石川県 金沢市
86%
4 神奈川県 鎌倉市
86%
4 北海道 上川町
86%
4 千葉県 木更津市
86%
4 岩手県 北上市
86%
4 埼玉県 熊谷市
86%
4 宮城県 栗原市
86%
4 特別区 東京都 江東区
86%
4 愛知県 江南市
86%
4 高知県 香南市
86%
4 香川県 高松市
86%
4 岐阜県 高山市
86%
4 群馬県 | 長野県 高山村
86%
4 北海道 滝川市
86%
4 千葉県 館山市
86%
4 富山県 立山町
86%
4 東京都 調布市
86%
4 鳥取県 鳥取市
86%
4 群馬県 富岡市
86%
4 福島県 富岡町
86%
4 愛知県 豊川市
86%
4 福岡県 那珂川市
86%
4 北海道 中川町
86%
4 栃木県 那珂川町
86%
4 長野県 中川村
86%
4 長崎県 長崎市
86%
4 新潟県 新潟市
86%
4 北海道 函館市
86%
4 青森県 八戸市
86%
4 静岡県 浜松市
86%
4 広島県 福山市
86%
4 長野県 松本市
86%
4 神奈川県 横浜市
86%
4 青森県 横浜町
86%
4 東京都 昭島市
83%
4 栃木県 足利市
83%
4 石川県 穴水町
83%
4 茨城県 石岡市
83%
4 沖縄県 糸満市
83%
4 愛知県 稲沢市
83%
4 佐賀県 嬉野市
83%
4 長野県 大町市
83%
4 佐賀県 大町町
83%
4 長崎県 大村市
83%
4 埼玉県 桶川市
83%
4 神奈川県 小田原市
83%
4 北海道 帯広市
83%
4 静岡県 掛川市
83%
4 愛知県 春日井市
83%
4 埼玉県 春日部市
83%
4 千葉県 勝浦市
83%
4 徳島県 勝浦町
83%
4 特別区 東京都 葛飾区
83%
4 兵庫県 神河町
83%
4 埼玉県 神川町
83%
4 神奈川県 川崎市
83%
4 宮城県 | 福岡県 川崎町
83%
4 静岡県 菊川市
83%
4 青森県 黒石市
83%
4 埼玉県 越谷市
83%
4 青森県 三戸町
83%
4 高知県 四万十市
83%
4 高知県 四万十町
83%
4 和歌山県 新宮市
83%
4 福岡県 新宮町
83%
4 秋田県 仙北市
83%
4 秋田県 大仙市
83%
4 鳥取県 大山町
83%
4 大阪府 大東市
83%
4 富山県 高岡市
83%
4 大阪府 高槻市
83%
4 茨城県 土浦市
83%
4 徳島県 徳島市
83%
4 大阪府 豊中市
83%
4 愛媛県 松山市
83%
4 山形県 山形市
83%
4 岐阜県 山県市
83%
4 長野県 山形村
83%
4 和歌山県 和歌山市
83%
4 北海道 愛別町
81%
4 北海道 赤平市
81%
4 北海道 厚岸町
81%
4 群馬県 安中市
81%
4 福岡県 飯塚市
81%
4 長崎県 諫早市
81%
4 岩手県 一戸町
81%
4 茨城県 稲敷市
81%
4 愛知県 犬山市
81%
4 岐阜県 揖斐川町
81%
4 鹿児島県 指宿市
81%
4 愛媛県 今治市
81%
4 愛知県 岩倉市
81%
4 長崎県 雲仙市
81%
4 島根県 雲南市
81%
4 広島県 大竹市
81%
4 福岡県 大牟田市
81%
4 愛知県 岡崎市
81%
4 奈良県 | 長野県 川上村
81%
4 大分県 国東市
81%
4 鳥取県 倉吉市
81%
4 北海道 猿払村
81%
4 青森県 七戸町
81%
4 長崎県 島原市
81%
4 特別区 東京都 杉並区
81%
4 岡山県 瀬戸内市
81%
4 鹿児島県 瀬戸内町
81%
4 特別区 東京都 台東区
81%
4 岡山県 高梁市
81%
4 千葉県 銚子市
81%
4 山形県 天童市
81%
4 愛知県 東海市
81%
4 茨城県 東海村
81%
4 新潟県 長岡市
81%
4 広島県 広島市
81%
4 熊本県 水俣市
81%
4 神奈川県 横須賀市
81%
4 愛媛県 愛南町
78%
4 岡山県 赤磐市
78%
4 北海道 芦別市
78%
4 福岡県 糸島市
78%
4 青森県 今別町
78%
4 宮城県 岩沼市
78%
4 千葉県 印西市
78%
4 新潟県 魚沼市
78%
4 北海道 遠軽町
78%
4 神奈川県 大磯町
78%
4 秋田県 大潟村
78%
4 山梨県 大月市
78%
4 高知県 大月町
78%
4 北海道 奥尻町
78%
4 和歌山県 海南市
78%
4 兵庫県 加古川市
78%
4 大阪府 柏原市
78%
4 岩手県 釜石市
78%
4 千葉県 鎌ケ谷市
78%
4 三重県 亀山市
78%
4 北海道 木古内町
78%
4 和歌山県 北山村
78%
4 鹿児島県 霧島市
78%
4 北海道 栗山町
78%
4 静岡県 御殿場市
78%
4 埼玉県 さいたま市
78%
4 香川県 坂出市
78%
4 長野県 塩尻市
78%
4 特別区 東京都 品川区
78%
4 福島県 須賀川市
78%
4 特別区 東京都 世田谷区
78%
4 大阪府 泉南市
78%
4 滋賀県 高島市
78%
4 愛知県 高浜市
78%
4 福井県 高浜町
78%
4 神奈川県 茅ヶ崎市
78%
4 愛知県 豊明市
78%
4 兵庫県 豊岡市
78%
4 長野県 豊丘村
78%
4 京都府 南丹市
78%
4 大阪府 枚方市
78%
4 北海道 深川市
78%
4 静岡県 藤枝市
78%
4 神奈川県 藤沢市
78%
4 広島県 | 東京都 府中市
78%
4 広島県 府中町
78%
4 千葉県 船橋市
78%
4 群馬県 前橋市
78%
4 新潟県 村上市
78%
4 北海道 室蘭市
78%
4 岩手県 盛岡市
78%
4 北海道 紋別市
78%
4 青森県 六戸町
78%
4 徳島県 藍住町
75%
4 熊本県 あさぎり町
75%
4 岡山県 浅口市
75%
4 福岡県 朝倉市
75%
4 北海道 足寄町
75%
4 兵庫県 猪名川町
75%
4 広島県 江田島市
75%
4 北海道 遠別町
75%
4 山形県 大蔵村
75%
4 北海道 興部町
75%
4 茨城県 小美玉市
75%
4 大阪府 貝塚市
75%
4 秋田県 潟上市
75%
4 京都府 亀岡市
75%
4 兵庫県 川西市
75%
4 奈良県 | 山形県 川西町
75%
4 大阪府 岸和田市
75%
4 高知県 北川村
75%
4 埼玉県 北本市
75%
4 和歌山県 紀の川市
75%
4 沖縄県 宜野湾市
75%
4 東京都 国立市
75%
4 奈良県 桜井市
75%
4 宮城県 塩竈市
75%
4 群馬県 渋川市
75%
4 茨城県 高萩市
75%
4 東京都 立川市
75%
4 山形県 鶴岡市
75%
4 奈良県 十津川村
75%
4 滋賀県 長浜市
75%
4 宮崎県 日南市
75%
4 鳥取県 日南町
75%
4 栃木県 日光市
75%
4 宮崎県 延岡市
75%
4 青森県 弘前市
75%
4 群馬県 藤岡市
75%
4 山梨県 富士川町
75%
4 三重県 松阪市
75%
4 北海道 松前町
75%
4 東京都 武蔵野市
75%
4 山口県 山口市
75%
4 北海道 夕張市
75%
4 北海道 厚沢部町
72%
4 福島県 飯舘村
72%
4 北海道 岩内町
72%
4 北海道 浦幌町
72%
4 青森県 おいらせ町
72%
4 沖縄県 大宜味村
72%
4 千葉県 大多喜町
72%
4 岡山県 笠岡市
72%
4 山形県 | 福島県 金山町
72%
4 石川県 川北町
72%
4 京都府 木津川市
72%
4 北海道 共和町
72%
4 千葉県 鋸南町
72%
4 岐阜県 郡上市
72%
4 埼玉県 鴻巣市
72%
4 東京都 小平市
72%
4 長崎県 西海市
72%
4 神奈川県 寒川町
72%
4 大阪府 島本町
72%
4 北海道 下川町
72%
4 栃木県 下野市
72%
4 山梨県 昭和町
72%
4 福島県 | 群馬県 昭和村
72%
4 愛知県 新城市
72%
4 大阪府 高石市
72%
4 広島県 竹原市
72%
4 長野県 立科町
72%
4 茨城県 筑西市
72%
4 愛知県 常滑市
72%
4 北海道 豊富町
72%
4 岩手県 花巻市
72%
4 青森県 平川市
72%
4 埼玉県 ふじみ野市
72%
4 宮城県 松島町
72%
4 岐阜県 美濃加茂市
72%
4 熊本県 八代市
72%
4 宮城県 山元町
72%
4 沖縄県 与那国町
72%
4 山形県 米沢市
72%
4 熊本県 芦北町
69%
4 岐阜県 安八町
69%
4 長野県 飯島町
69%
4 奈良県 斑鳩町
69%
4 石川県 内灘町
69%
4 北海道 雨竜町
69%
4 宮城県 大郷町
69%
4 三重県 大台町
69%
4 福岡県 小郡市
69%
4 北海道 音更町
69%
4 広島県 尾道市
69%
4 神奈川県 開成町
69%
4 奈良県 葛城市
69%
4 和歌山県 かつらぎ町
69%
4 神奈川県 清川村
69%
4 宮崎県 小林市
69%
4 長野県 下諏訪町
69%
4 埼玉県 白岡市
69%
4 和歌山県 白浜町
69%
4 北海道 砂川市
69%
4 宮崎県 高千穂町
69%
4 熊本県 | 長野県 高森町
69%
4 鹿児島県 垂水市
69%
4 群馬県 嬬恋村
69%
4 愛媛県 新居浜市
69%
4 静岡県 西伊豆町
69%
4 愛知県 日進市
69%
4 福岡県 直方市
69%
4 石川県 白山市
69%
4 和歌山県 橋本市
69%
4 北海道 浜中町
69%
4 神奈川県 平塚市
69%
4 滋賀県 米原市
69%
4 香川県 まんのう町
69%
4 群馬県 みなかみ町
69%
4 大阪府 守口市
69%
4 千葉県 八街市
69%
4 山梨県 山梨市
69%
4 埼玉県 吉川市
69%
4 北海道 陸別町
69%
4 長野県 飯綱町
67%
4 群馬県 板倉町
67%
4 北海道 今金町
67%
4 北海道 浦臼町
67%
4 長野県 王滝村
67%
4 愛知県 大口町
67%
4 長野県 大桑村
67%
4 長野県 大鹿村
67%
4 岩手県 大槌町
67%
4 宮城県 大衡村
67%
4 奈良県 大淀町
67%
4 青森県 大鰐町
67%
4 宮城県 女川町
67%
4 埼玉県 上里町
67%
4 佐賀県 神埼市
67%
4 三重県 木曽岬町
67%
4 岐阜県 北方町
67%
4 鹿児島県 肝付町
67%
4 和歌山県 串本町
67%
4 沖縄県 久米島町
67%
4 北海道 剣淵町
67%
4 奈良県 五條市
67%
4 北海道 標茶町
67%
4 茨城県 下妻市
67%
4 北海道 白糠町
67%
4 北海道 知内町
67%
4 岡山県 総社市
67%
4 新潟県 胎内市
67%
4 岩手県 滝沢市
67%
4 福岡県 太宰府市
67%
4 福岡県 筑紫野市
67%
4 北海道 苫前町
67%
4 北海道 豊浦町
67%
4 北海道 豊頃町
67%
4 石川県 中能登町
67%
4 山形県 西川町
67%
4 神奈川県 二宮町
67%
4 石川県 野々市市
67%
4 埼玉県 羽生市
67%
4 大阪府 羽曳野市
67%
4 宮崎県 日向市
67%
4 青森県 深浦町
67%
4 静岡県 袋井市
67%
4 愛知県 碧南市
67%
4 京都府 舞鶴市
67%
4 長野県 松川町
67%
4 長野県 松川村
67%
4 香川県 丸亀市
67%
4 福岡県 宗像市
67%
4 山形県 村山市
67%
4 北海道 蘭越町
67%
4 埼玉県 嵐山町
67%
4 香川県 綾川町
64%
4 栃木県 市貝町
64%
4 高知県 大豊町
64%
4 島根県 邑南町
64%
4 愛知県 大治町
64%
4 徳島県 海陽町
64%
4 岐阜県 笠松町
64%
4 群馬県 片品村
64%
4 静岡県 函南町
64%
4 徳島県 北島町
64%
4 北海道 喜茂別町
64%
4 埼玉県 行田市
64%
4 沖縄県 国頭村
64%
4 奈良県 黒滝村
64%
4 福岡県 桂川町
64%
4 東京都 小金井市
64%
4 山形県 鮭川村
64%
4 北海道 鹿追町
64%
4 北海道 島牧村
64%
4 北海道 白老町
64%
4 愛知県 武豊町
64%
4 千葉県 東金市
64%
4 北海道 洞爺湖町
64%
4 埼玉県 ときがわ町
64%
4 千葉県 富里市
64%
4 千葉県 習志野市
64%
4 茨城県 坂東市
64%
4 大阪府 阪南市
64%
4 山形県 東根市
64%
4 長崎県 松浦市
64%
4 大阪府 松原市
64%
4 岐阜県 瑞浪市
64%
4 福島県 本宮市
64%
4 滋賀県 守山市
64%
4 福岡県 柳川市
64%
4 神奈川県 山北町
64%
4 神奈川県 湯河原町
64%
4 福岡県 行橋市
64%
4 福島県 浅川町
61%
4 島根県 飯南町
61%
4 福島県 大玉村
61%
4 愛媛県 上島町
61%
4 岩手県 軽米町
61%
4 熊本県 菊陽町
61%
4 山口県 下松市
61%
4 大阪府 熊取町
61%
4 京都府 久御山町
61%
4 北海道 小清水町
61%
4 長野県 駒ヶ根市
61%
4 群馬県 下仁田町
61%
4 北海道 新得町
61%
4 兵庫県 高砂市
61%
4 山形県 高畠町
61%
4 大阪府 忠岡町
61%
4 山梨県 丹波山村
61%
4 北海道 当別町
61%
4 愛知県 長久手市
61%
4 茨城県 行方市
61%
4 高知県 南国市
61%
4 山形県 南陽市
61%
4 東京都 新島村
61%
4 青森県 西目屋村
61%
4 山梨県 韮崎市
61%
4 大阪府 寝屋川市
61%
4 奈良県 野迫川村
61%
4 沖縄県 南風原町
61%
4 青森県 階上町
61%
4 熊本県 人吉市
61%
4 東京都 檜原村
61%
4 北海道 幌延町
61%
4 静岡県 松崎町
61%
4 神奈川県 真鶴町
61%
4 福岡県 宮若市
61%
4 鹿児島県 屋久島町
61%
4 鳥取県 湯梨浜町
61%
4 沖縄県 読谷村
61%
4 滋賀県 栗東市
61%
4 福島県 大熊町
58%
4 北海道 大空町
58%
4 福岡県 岡垣町
58%
4 福島県 葛尾村
58%
4 宮崎県 門川町
58%
4 富山県 上市町
58%
4 北海道 清里町
58%
4 鹿児島県 錦江町
58%
4 佐賀県 玄海町
58%
4 千葉県 神崎町
58%
4 佐賀県 江北町
58%
4 和歌山県 古座川町
58%
4 香川県 琴平町
58%
4 岐阜県 坂祝町
58%
4 福島県 鮫川村
58%
4 千葉県 芝山町
58%
4 茨城県 城里町
58%
4 青森県 新郷村
58%
4 北海道 壮瞥町
58%
4 宮崎県 高鍋町
58%
4 鹿児島県 龍郷町
58%
4 福岡県 筑前町
58%
4 沖縄県 北谷町
58%
4 奈良県 天川村
58%
4 青森県 東北町
58%
4 高知県 東洋町
58%
4 沖縄県 渡嘉敷村
58%
4 宮崎県 西米良村
58%
4 岩手県 西和賀町
58%
4 山梨県 笛吹市
58%
4 青森県 藤崎町
58%
4 富山県 舟橋村
58%
4 北海道 真狩村
58%
4 岡山県 美作市
58%
4 長野県 泰阜村
58%
4 北海道 湧別町
58%
4 沖縄県 与那原町
58%
4 熊本県 苓北町
58%
4 北海道 和寒町
58%
4 長野県 生坂村
56%
4 熊本県 産山村
56%
4 岡山県 鏡野町
56%
4 徳島県 上勝町
56%
4 徳島県 神山町
56%
4 埼玉県 川島町
56%
4 長崎県 川棚町
56%
4 島根県 川本町
56%
4 岡山県 久米南町
56%
4 北海道 更別村
56%
4 奈良県 三郷町
56%
4 群馬県 榛東村
56%
4 新潟県 関川村
56%
4 沖縄県 竹富町
56%
4 福島県 玉川村
56%
4 長野県 筑北村
56%
4 愛媛県 東温市
56%
4 愛知県 飛島村
56%
4 鹿児島県 長島町
56%
4 鹿児島県 中種子町
56%
4 沖縄県 今帰仁村
56%
4 秋田県 八峰町
56%
4 埼玉県 飯能市
56%
4 北海道 本別町
56%
4 宮城県 丸森町
56%
4 埼玉県 毛呂山町
56%
4 福岡県 吉富町
56%
4 青森県 蓬田村
56%
4 長野県 上松町
53%
4 福島県 川内村
53%
4 奈良県 上牧町
53%
4 宮崎県 木城町
53%
4 岩手県 葛巻町
53%
4 高知県 黒潮町
53%
4 高知県 芸西村
53%
4 大分県 九重町
53%
4 奈良県 下市町
53%
4 山形県 白鷹町
53%
4 岩手県 田野畑村
53%
4 愛知県 知立市
53%
4 北海道 弟子屈町
53%
4 愛知県 豊山町
53%
4 北海道 長沼町
53%
4 山形県 中山町
53%
4 北海道 南幌町
53%
4 群馬県 南牧村
53%
4 沖縄県 西原町
53%
4 熊本県 西原村
53%
4 埼玉県 鳩山町
53%
4 北海道 平取町
53%
4 青森県 平内町
53%
4 北海道 幕別町
53%
4 千葉県 睦沢町
53%
4 福島県 柳津町
53%
4 北海道 留夜別村
53%
4 鹿児島県 和泊町
53%
4 岐阜県 輪之内町
53%
4 徳島県 上板町
50%
4 和歌山県 九度山町
50%
4 宮崎県 国富町
50%
4 鳥取県 琴浦町
50%
4 福岡県 篠栗町
50%
4 福島県 下郷町
50%
4 新潟県 聖籠町
50%
4 群馬県 玉村町
50%
4 福島県 天栄村
50%
4 愛知県 東栄町
50%
4 愛知県 東郷町
50%
4 高知県 中土佐町
50%
4 埼玉県 長瀞町
50%
4 埼玉県 宮代町
50%
4 北海道 妹背牛町
50%
4 鹿児島県 湧水町
50%
4 福岡県 大任町
47%
4 福島県 川俣町
47%
4 北海道 蘂取村
47%
4 福島県 棚倉町
47%
4 北海道 月形町
47%
4 三重県 東員町
47%
4 福岡県 東峰村
47%
4 滋賀県 豊郷町
47%
4 兵庫県 西脇市
47%
4 山梨県 早川町
47%
4 岡山県 早島町
47%
4 岐阜県 七宗町
47%
4 和歌山県 | 福岡県 広川町
47%
4 秋田県 藤里町
47%
4 北海道 古平町
47%
4 北海道 別海町
47%
4 埼玉県 松伏町
47%
4 高知県 本山町
47%
4 奈良県 山添村
47%
4 福島県 矢祭町
47%
4 熊本県 湯前町
47%
4 群馬県 吉岡町
47%
4 三重県 度会町
47%
4 佐賀県 上峰町
44%
4 宮崎県 新富町
44%
4 奈良県 高取町
44%
4 宮崎県 高原町
44%
4 香川県 直島町
44%
4 福島県 中島村
44%
4 埼玉県 滑川町
44%
4 福島県 西郷村
44%
4 福島県 磐梯町
44%
4 宮崎県 日之影町
44%
4 大分県 姫島村
44%
4 徳島県 松茂町
44%
4 福岡県 水巻町
44%
4 宮崎県 諸塚村
44%
4 山形県 山辺町
44%
4 高知県 檮原町
44%
4 北海道 色丹村
42%
4 鳥取県 北栄町
42%
4 山梨県 鳴沢村
39%
4 兵庫県 福崎町
39%
4 熊本県 水上村
39%
4 岐阜県 養老町
39%
4 熊本県 南関町
36%
4 福岡県 久山町
36%
4 山形県 舟形町
33%
4 福島県 古殿町
31%
No matching quizzes found
Score Distribution
Percent of People with Each Score
Percentile by Number Answered
Your Score History
You have not taken this quiz